Paraguay: el gobierno de Lugo, el parlamento y los movimientos sociales /
Apoyándose en un balance de las elecciones y de los movimientos sociales, junto a un análisis de la estructura socioeconómica de Paraguay, el autor sostiene que el nuevo gobierno de Fernando Lugo enfrenta sin fuerzas propias sólidas y suficientemente organizadas la reacción de rechazo de una socieda...
Kaydedildi:
| Yazar: | |
|---|---|
| Materyal Türü: | Metin |
| Konular: | |
| Etiketler: |
Etiketle
Etiket eklenmemiş, İlk siz ekleyin!
|
MARC
| LEADER | 00000 a a2200000 04500 | ||
|---|---|---|---|
| 001 | 40425 | ||
| 003 | |||
| 040 | |||
| 100 | |a Fogel, Ramón | ||
| 245 | |a Paraguay: |b el gobierno de Lugo, el parlamento y los movimientos sociales / |c Ramón Fogel | ||
| 520 | |a Apoyándose en un balance de las elecciones y de los movimientos sociales, junto a un análisis de la estructura socioeconómica de Paraguay, el autor sostiene que el nuevo gobierno de Fernando Lugo enfrenta sin fuerzas propias sólidas y suficientemente organizadas la reacción de rechazo de una sociedad donde el establishment corrupto y conservador ha modelado a su antojo, un aparato estatal prebendario, clientelista y patrimonial. | ||
| 590 | |a RRH/MARZO2011 | ||
| 650 | |a MOVIMIENTOS SOCIALES | ||
| 650 | |a ESTADO | ||
| 650 | |a PARTIDOS POLITICOS | ||
| 650 | |a ELECCIONES | ||
| 650 | |a ESTRUCTURA ECONOMICA | ||
| 650 | |a ESTRUCTURA SOCIAL | ||
| 773 | |g volumen10, número25 (2009), páginas 51-63 : tablas | ||
| 999 | |c 24495 |d 24495 | ||
